Intipan khalwat oleh Penguatkuasa Jabatan Hal Ehwal Agama Islam Negeri Sembilan : analisis hukum /
Saved in:
| Main Author: | |
|---|---|
| Format: | Thesis Book |
| Language: | Malay |
| Subjects: | |
| Tags: |
Add Tag
No Tags, Be the first to tag this record!
|
| LEADER | 01546cam a2200373 a 4500 | ||
|---|---|---|---|
| 001 | u892455 | ||
| 003 | SIRSI | ||
| 005 | 201311141441 | ||
| 008 | 131114n2013 my a t 000 0 may m | ||
| 040 | |a UMA |d UMM |e rda | ||
| 043 | |a a-my-ns | ||
| 090 | |a BP42 |b A1 UM 2013 Norsm | ||
| 094 | |a BP42 |b A1 UM 2013 Norsm | ||
| 100 | 0 | |a Nor Saadah Musa |e author. | |
| 245 | 1 | 0 | |a Intipan khalwat oleh Penguatkuasa Jabatan Hal Ehwal Agama Islam Negeri Sembilan : |b analisis hukum / |c Nor Saadah Musa |
| 264 | 1 | |c 2013. | |
| 264 | 4 | |c 2013. | |
| 300 | |a xi, 136 leaves : |b ill. ; |c 30 cm. | ||
| 336 | |a text |2 rdacontent | ||
| 337 | |a unmediated |2 rdamedia | ||
| 338 | |a volume |2 rdacarrier | ||
| 500 | |a AIUM. | ||
| 500 | |a Diselia oleh Prof. Madya Dr. Abd Karim Ali | ||
| 502 | |b M.Syariah |b Jabatan Fiqh dan Usul, Akademi Pengajian Islam, Universiti Malaya, |d 2013. | ||
| 504 | |a Bibliography: leaves 129-136 | ||
| 610 | 1 | 0 | |a Negeri Sembilan. |b Jabatan Hal Ehwal Agama Islam. |
| 650 | 0 | |a Islamic law |x Enforcement |z Negeri Sembilan | |
| 650 | 0 | |a Sin |x Islam | |
| 710 | 2 | 0 | |a Universiti Malaya. |b Jabatan Fiqh dan Usul |e degree granting institution. |
| 900 | |a HH | ||
| 596 | |a 1 12 18 | ||
| 999 | |a BP42 A1 UM 2013 NORSM |w LC |c 1 |i A514695584 |l RESERVES |m P18ISLPURI |r Y |s Y |t TESIS |u 14/11/2013 | ||
| 999 | |a BP42 A1 UM 2013 NORSM |w LC |c 1 |i A515788058 |d 12/10/2017 |e 12/10/2017 |f 24/2/2014 |g 1 |l STACKS |m P12ISLAMKL |n 4 |r Y |s Y |t TESIS |u 24/2/2014 | ||
| 999 | |a BP42 A1 UM 2013 NORSM |w LC |c 1 |i A515710645 |d 29/3/2016 |e 29/3/2016 |f 18/12/2014 |g 1 |l STACKS |m P01UTAMA |n 1 |r Y |s Y |t TESIS |u 18/12/2014 | ||
